000 00919nab a2200229 i 4500
001 768714001
003 CO-MdFUSB
005 20240814092243.0
008 240814t1923 cr ||||| |||| 00| 0 eng d
040 _bspa
_cCO-MdFUSB
_dCO-MdFUSB
041 _aeng
100 _aDarley, Fred F.,
_eautor
245 4 _aThe story of the campaign in Caracas
_c/ Rev. Fred F. Darley
520 _aLa historia de la campaña en Caracas. Cuenta que al ver a estos "extranjeros" venir a predicar y a enfrentar penurias, los venezolanos quedaron conmovido por las necesidades de su país.
546 _aTexto en inglés.
650 0 _aEvangelización
_9362
650 0 _aPredicación
_954
650 0 _aMisiones
_9154
773 0 _070761
_982937
_oR2741
_tLatin America Mission
_w(CO-MdFUSB)768714001
_gVolumen 2, (número 11, 1923), páginas: 5 - 7
_qpágina: 5
942 _cANA
945 _aCatherine Arias Álvarez - Practicante SENA
999 _c70808
_d70808